Solar Electricity Handbook : (Record no. 17401)
[ view plain ]
| 000 -LEADER | |
|---|---|
| fixed length control field | 01054cam a22002657a 4500 |
| 001 - CONTROL NUMBER | |
| control field | 16189720 |
| 005 - DATE AND TIME OF LATEST TRANSACTION | |
| control field | 20130325153409.0 |
| 008 - FIXED-LENGTH DATA ELEMENTS--GENERAL INFORMATION | |
| fixed length control field | 100416s2013 enka f 001 0 eng d |
| 010 ## - LIBRARY OF CONGRESS CONTROL NUMBER | |
| LC control number | 1907670289 |
| 020 ## - INTERNATIONAL STANDARD BOOK NUMBER | |
| International Standard Book Number | 9781907670282 |
| 082 04 - DEWEY DECIMAL CLASSIFICATION NUMBER | |
| Classification number | 621.471 |
| Edition number | 22 |
| Item number | BOX |
| 100 1# - MAIN ENTRY--PERSONAL NAME | |
| Personal name | Boxwell, Michael. |
| 9 (RLIN) | 32971 |
| 245 10 - TITLE STATEMENT | |
| Title | Solar Electricity Handbook : |
| Remainder of title | a Simple, Practical Guide to Solar Energy : Designing and Installing Photovoltaic Solar Electric Systems / |
| Statement of responsibility, etc | Michael Boxwell. |
| 246 30 - VARYING FORM OF TITLE | |
| Title proper/short title | Simple, practical guide to solar energy : designing and installing photovoltaic solar electric systems |
| 250 ## - EDITION STATEMENT | |
| Edition statement | 2013 ed. |
| 260 ## - PUBLICATION, DISTRIBUTION, ETC. (IMPRINT) | |
| Place of publication, distribution, etc | Ryton on Dunsmore, Warwickshire, U.K. : |
| Name of publisher, distributor, etc | Code Green Pub., |
| Date of publication, distribution, etc | 2013. |
| 300 ## - PHYSICAL DESCRIPTION | |
| Extent | 197 p. : |
| Other physical details | ill. ; |
| Dimensions | 24 cm. |
| 500 ## - GENERAL NOTE | |
| General note | "Internet linked." |
| 500 ## - GENERAL NOTE | |
| General note | Includes index. |
| 650 #0 - SUBJECT ADDED ENTRY--TOPICAL TERM | |
| Topical term or geographic name as entry element | Photovoltaic power systems |
| Form subdivision | Handbooks, manuals, etc. |
| 9 (RLIN) | 32972 |
| 650 #0 - SUBJECT ADDED ENTRY--TOPICAL TERM | |
| Topical term or geographic name as entry element | Solar energy |
| Form subdivision | Handbooks, manuals, etc. |
| 9 (RLIN) | 32973 |
| 650 #0 - SUBJECT ADDED ENTRY--TOPICAL TERM | |
| Topical term or geographic name as entry element | Solar power plants |
| Form subdivision | Handbooks, manuals, etc. |
| 9 (RLIN) | 32974 |
| 653 ## - INDEX TERM--UNCONTROLLED | |
| Resource For college | |
| Arrived date list | March2013 |
| 942 ## - ADDED ENTRY ELEMENTS (KOHA) | |
| Source of classification or shelving scheme | Dewey Decimal Classification |
| Item type | Book - Borrowing |
| Withdrawn status | Item status | Source of classification or shelving scheme | Damaged status | Not for loan | Vendor | Home library | Current library | Shelving location | Date acquired | Source of acquisition | Total Checkouts | Total Renewals | Full call number | Barcode | Date last seen | Date last borrowed | Koha item type |
|---|---|---|---|---|---|---|---|---|---|---|---|---|---|---|---|---|---|
| Dewey Decimal Classification | Baccah | Central Library | Central Library | First floor | 25/03/2013 | 5 | 32 | 621.471 BOX | 000028626 | 15/07/2025 | 02/11/2017 | Book - Borrowing |